Úvěrové pojištění - nejdynamičtější segment pojištění průmyslu a podnikatelů
Špecifiká úverového poistenia. Trendy výkonnosti tohto poistenia. Komerčné a politické riziká. Poistenie so štátnou podporou.
Gespeichert in:
| 1. Verfasser: | |
|---|---|
| Format: | Buchkapitel |
| Sprache: | Tschechisch |
| Schlagworte: | |
| Tags: |
Keine Tags, Fügen Sie das erste Tag hinzu!
|
MARC
| LEADER | 00000naa a2200000 4500 | ||
|---|---|---|---|
| 001 | r042991 | ||
| 005 | 20230922100158.1 | ||
| 041 | 0 | |a cze | |
| 044 | |a CZ | ||
| 245 | 1 | 0 | |a Úvěrové pojištění - nejdynamičtější segment pojištění průmyslu a podnikatelů |c Pavol Parízer |
| 520 | |a Špecifiká úverového poistenia. Trendy výkonnosti tohto poistenia. Komerčné a politické riziká. Poistenie so štátnou podporou. | ||
| 610 | 2 | 0 | |a poisťovníctvo |
| 610 | 2 | 0 | |a poistenie úverové |
| 610 | 2 | 0 | |a poistenie podnikov |
| 610 | 2 | 0 | |a poistenie rizikové |
| 610 | 2 | 0 | |a trh poistný |
| 610 | 2 | 0 | |a Česko |
| 100 | 1 | |a Parízer, Pavol | |